Report to the Government of the Netherlands Antilles on vocational training. (Record no. 37282)

MARC details
000 -LEADER
fixed length control field 00835cam a22002531 4500
001 - CONTROL NUMBER
control field l 66000282
003 - CONTROL NUMBER IDENTIFIER
control field DLC
005 - DATE AND TIME OF LATEST TRANSACTION
control field 20260227111549.0
008 - FIXED-LENGTH DATA ELEMENTS--GENERAL INFORMATION
fixed length control field 840515s1964 sw 000 0 eng c
010 ## - LIBRARY OF CONGRESS CONTROL NUMBER
LC control number l 66000282
035 ## - SYSTEM CONTROL NUMBER
System control number (OCoLC)10733045
040 ## - CATALOGING SOURCE
Original cataloging agency U.S. Dept. of Labor. Library
Transcribing agency NBuU
Modifying agency DLC
042 ## - AUTHENTICATION CODE
Authentication code premarc
050 00 - LIBRARY OF CONGRESS CALL NUMBER
Classification number LC1047.N4
Item number I5
110 2# - MAIN ENTRY--CORPORATE NAME
Corporate name or jurisdiction name as entry element International Labour Office.
245 10 - TITLE STATEMENT
Title Report to the Government of the Netherlands Antilles on vocational training.
260 ## - PUBLICATION, DISTRIBUTION, ETC.
Place of publication, distribution, etc. Geneva,
Date of publication, distribution, etc. 1964.
300 ## - PHYSICAL DESCRIPTION
Extent 16 p.
Dimensions 30 cm.
500 ## - GENERAL NOTE
General note "ILO/TAP/Netherlands Antilles/R.1."
500 ## - GENERAL NOTE
General note At head of title: Expanded programme of technical assistance.
650 #0 - SUBJECT ADDED ENTRY--TOPICAL TERM
Topical term or geographic name entry element Vocational education
Geographic subdivision Netherlands Antilles.
650 #0 - SUBJECT ADDED ENTRY--TOPICAL TERM
Topical term or geographic name entry element Technical education
Geographic subdivision Netherlands Antilles.
710 1# - ADDED ENTRY--CORPORATE NAME
Corporate name or jurisdiction name as entry element Netherlands Antilles.

No items available.

Powered by Koha